000 00635nam a2200229Ia 4500
003 OSt
005 20220918210552.0
006 a|||||r|||| 00| 0
007 ta
008 220917b |||||||| |||| 00| 0 eng d
024 _a121,039
037 _cTextual
040 _aARTS
_cARTS
_beng
041 _2eng
_aeng
082 _aV73:2:9Z:881, K7
100 _aMitau G Theofore
_9118640
245 0 _aDecade of decision
_b the supereme court and the constitutional revolution 1954-1964
260 _c1967
650 _aHISTORY
942 _hV73:2:9Z:881, K7
_cTEXL
_2CC
999 _c244268
_d244268